00369nam a2200121Ia 4500008004100000040001800041041000800059100003200067245005400099260006100153300001800214650001500232130821s1947 ck gr spa  aCo-BoUCMbspa aspa aRodriguez Guerrero, Ignacio aEstudios literarioscIgnacio Rodríguez Guerrero aPasto (Nariño, Colombia)bImprenta Departamentalc1947 a477 páginas04aLiteratura